Network and discrete location: models, algorithms, and applications
Saved in:
| Hovedforfatter: | |
|---|---|
| Format: | Bog |
| Sprog: | engelsk |
| Udgivet: |
Nueva York
John Wiley
1995
|
| Udgivelse: | 1a. ed |
| Serier: | Wiley-Interscience Series in Discrete Mathematics and Optimization
|
| Fag: | |
| Tags: |
Tilføj Tag
Ingen Tags, Vær først til at tagge denne postø!
|
MARC
| LEADER | 00000nam a2200000 a 4500 | ||
|---|---|---|---|
| 001 | UCK9383 | ||
| 003 | CL-VaPUC | ||
| 008 | 060512e19950000US |||||||||||||||||eng|d | ||
| 020 | |a 047101897X | ||
| 082 | 0 | 4 | |a 658.05 |b DAS |2 21 |
| 100 | 0 | |a Daskin, Mark S |e author |9 499144 | |
| 245 | 1 | 0 | |a Network and discrete location: models, algorithms, and applications |
| 250 | |a 1a. ed | ||
| 300 | |a 498 p | ||
| 942 | |c BK | ||
| 945 | |d 20060512 00:00:00 |a cmena | ||
| 260 | |a Nueva York |b John Wiley |c 1995 | ||
| 650 | 0 | |a Administración de empresas |9 260833 | |
| 650 | 0 | |a Modelos matemáticos |9 259437 | |
| 650 | 0 | |a Planificación estratégica |9 259735 | |
| 650 | 0 | |a Aplicaciones de computadores |9 260401 | |
| 650 | 0 | |a Programación lineal |9 23 | |
| 650 | 0 | |a Análisis de sistemas |9 260059 | |
| 583 | |a last modification |c 20060512 00:00:00 |k Rodrigo Vera | ||
| 490 | 0 | |a Wiley-Interscience Series in Discrete Mathematics and Optimization | |
| 999 | |c 316595 |d 316593 | ||
| 952 | |0 0 |1 0 |4 0 |6 658_050000000000000_DAS_1995 |7 0 |8 A |9 391120 |a BIBING |b BIBING |d 2019-11-22 |i 4227654 |o 658.05 DAS 1995 |p 4227654 |r 2025-01-20 |w 2019-11-22 |y BK |k EII | ||
| 952 | |0 0 |1 0 |4 0 |6 658_050000000000000_DAS_1995 |7 0 |8 A |9 391121 |a BIBING |b BIBING |d 2019-11-22 |i 4417380 |o 658.05 DAS 1995 |p 4417380 |r 2025-01-20 |w 2019-11-22 |y BK |k EII | ||
| 952 | |0 0 |1 0 |4 0 |6 658_050000000000000_DAS_1995 |7 0 |8 A |9 391122 |a BIBING |b BIBING |d 2019-11-22 |i 4417399 |o 658.05 DAS 1995 |p 4417399 |r 2025-01-20 |w 2019-11-22 |y BK |k EII | ||